000 00821aam a2200301 i 4500
001 768714001
003 CO-MdFUSB
005 20251023113143.0
007 ta
008 251023b ky |||| |||| 00| 0 eng d
020 _a1-85049-091-0
040 _cCO-MdFUSB
041 0 _aeng
082 0 4 _223
_a252
_bM1675w
100 1 _aMacMillan, J. Douglas
_eautor
245 1 0 _aWrestling with God :
_blessons from the life of Jacob
_c/ J. Douglas Macmillan
264 1 _bEvangelical Press of Wales,
_aReino Unido :
_c[1991]
264 4 _c©1991
300 _a141 páginas
336 _atexto
_btxt
_2rdacontent
337 _2rdamedia
_asin mediación
_bn
338 _2rdacarrier
_avolumen
_bnc
563 _aRústico
650 7 _aSermones
_9283
942 _cBK
945 _aJTF-925
999 _c36475
_d36475